<?xml version="1.0" encoding="UTF-8"?>
<collection xmlns="http://www.loc.gov/MARC21/slim">
<record>
  <controlfield tag="001">258541</controlfield>
  <controlfield tag="005">20240928175307.0</controlfield>
  <datafield tag="035" ind1=" " ind2=" ">
    <subfield code="a">G:(GEPRIS)408367170</subfield>
  </datafield>
  <datafield tag="024" ind1="7" ind2=" ">
    <subfield code="a">G:(GEPRIS)408367170</subfield>
    <subfield code="d">408367170</subfield>
  </datafield>
  <datafield tag="040" ind1=" " ind2=" ">
    <subfield code="a">GEPRIS</subfield>
    <subfield code="c">http://gepris.its.kfa-juelich.de</subfield>
  </datafield>
  <datafield tag="150" ind1=" " ind2=" ">
    <subfield code="a">Visualisierung von Serotonin-Dynamiken</subfield>
    <subfield code="y">2018 -</subfield>
  </datafield>
  <datafield tag="371" ind1=" " ind2=" ">
    <subfield code="a">Professorin Dr. Olivia Andrea Masseck</subfield>
  </datafield>
  <datafield tag="450" ind1=" " ind2=" ">
    <subfield code="a">DFG project G:(GEPRIS)408367170</subfield>
    <subfield code="w">d</subfield>
    <subfield code="y">2018 -</subfield>
  </datafield>
  <datafield tag="510" ind1="1" ind2=" ">
    <subfield code="a">Deutsche Forschungsgemeinschaft</subfield>
    <subfield code="0">I:(DE-588b)2007744-0</subfield>
    <subfield code="b">DFG</subfield>
  </datafield>
  <datafield tag="680" ind1=" " ind2=" ">
    <subfield code="a">Weltweit nimm die Anzahl psychischer Erkrankungen, wie Angsterkrankungen und Depressionen immer weiter zu. Eine Gemeinsamkeit dieser Erkrankungen scheint eine Störung innerhalb des Serotoninhaushalts zu sein. Jedoch haben technische und methodische Hindernisse es bisher unmöglich gemacht die Funktion des 5-HT Spiegels und den Einfluss von 5-HT Signalwegen genauer zu untersuchen. In den letzten Jahren haben wir genetisch enkodierten Sensoren für Serotonin entwickelt. Neue rot-geshiftete Varianten sollen entwickelt werden und gemeinsam mit den vorhandenen Sensoren in einem in vivo Modell für Depressionen die Frage klären, inwieweit Serotonin für die Entstehung und Manifestation von Depressionen verantwortlich ist. Eine detaillierte Untersuchung von neuromodulatorischen Schaltkreisen und ihren Einfluss auf Netzwerkaktivitäten wird entscheidend sein, um neue therapeutische Ansätze für die Therapie von Depressionen zu entwickeln.</subfield>
  </datafield>
  <datafield tag="909" ind1="C" ind2="O">
    <subfield code="o">oai:juser.fz-juelich.de:925144</subfield>
    <subfield code="p">authority:GRANT</subfield>
    <subfield code="p">authority</subfield>
  </datafield>
  <datafield tag="980" ind1=" " ind2=" ">
    <subfield code="a">G</subfield>
  </datafield>
  <datafield tag="980" ind1=" " ind2=" ">
    <subfield code="a">AUTHORITY</subfield>
  </datafield>
  <datafield tag="909" ind1="C" ind2="O">
    <subfield code="o">oai:juser.fz-juelich.de:925144</subfield>
  </datafield>
</record>
</collection>